| 000 | 00000nam##2200000za#4500 |
| 001 | 9.699724 |
| 003 | CaOODSP |
| 005 | 20210625000517 |
| 007 | cr ||||||||||| |
| 008 | 150407|1974||||xxc|||||o f|0| 0 eng|d |
| 040 | |aCaOODSP|beng |
| 043 | |an-cn--- |
| 086 | 1 |aCP32-19/1974E-PDF |
| 110 | 1 |aCanada. |bPrivy Council Office. |
| 245 | 10|aAirport Inquiry Commission - report / |h[electronic resource]|cHugh F. Gibson, chairman. |
| 246 | 15|aReport of the Airport Inquiry Commission |
| 260 | |aOttawa - Ontario : |bPrivy Council Office |c1974. |
| 300 | |a167, 106, 199, 154, 128p.|bglossary, maps, tables, index |
| 500 | |aHistorical publication digitized in 2008 by Privy Council Office of Canada. |
| 590 | |a15-04-Supp|b2015-03-19 |
| 690 | 07|aAirports|2gcpds |
| 690 | 07|aCommissions of inquiry|2gcpds |
| 775 | 08|tCommission d'enquête sur l'aéroport - rapport |w(CaOODSP)9.643701 |
| 856 | 40|ahttp://publications.gc.ca|qPDF|s7.02 MB|uhttps://publications.gc.ca/collections/collection_2014/bcp-pco/CP32-19-1974-3-eng.pdf |
| 856 | 40|ahttp://publications.gc.ca|qPDF|s4.74 MB|uhttps://publications.gc.ca/collections/collection_2014/bcp-pco/CP32-19-1974-4-eng.pdf |
| 856 | 40|ahttp://publications.gc.ca|qPDF|s4.38 MB|uhttps://publications.gc.ca/collections/collection_2014/bcp-pco/CP32-19-1974-5-eng.pdf |
| 856 | 40|ahttp://publications.gc.ca|qPDF|s7.01 MB|uhttps://publications.gc.ca/collections/collection_2014/bcp-pco/CP32-19-1974-1-eng.pdf |
| 856 | 40|ahttp://publications.gc.ca|qPDF|s4.40 MB|uhttps://publications.gc.ca/collections/collection_2014/bcp-pco/CP32-19-1974-2-eng.pdf |